| 000 | 02346nam0a2200421 4500 | ||
|---|---|---|---|
| 001 | RU\NLR\BIBL_A\022736561 | ||
| 005 | 20260320133103.0 | ||
| 010 |
_a978-5-6051815-2-1 _9300 |
||
| 021 |
_aRU _bАЛ-П-25-01422и _9АЛ-П-25-0265 |
||
| 035 | _a(NLR Aleph) 022736561 | ||
| 090 |
_a13639697 _c13639697 |
||
| 100 | _a20260225d2025 u y0rusy50 ca | ||
| 101 | 0 | _arus | |
| 102 | _aRU | ||
| 105 | _aа z 000zy | ||
| 181 | 0 |
_ai2 _baxxe |
|
| 181 | 0 |
_ab1 _bab2e |
|
| 182 | 0 | _an | |
| 200 | 1 |
_aКультурный код эпохи: по следам одной выставки _eоб участниках выставки в г. Орджоникидзе Аполлонове А. А., Корнаеве А. П., Ковтун О. М., Паршкове А. А. _fИван Аполлонов, Елена Виданова, Дмитрий Гангур |
|
| 203 |
_aТекст _aИзображение _bвизуальные _cнепосредственные |
||
| 210 |
_aКраснодар _cРДК пресс _d2025 |
||
| 215 |
_a207 с. _cил., цв. ил. _d20х20 |
||
| 333 | _a18+ | ||
| 606 | 1 |
_aИзобразительное искусство русское советское _yКраснодар, город _xВыставки _yОрджоникидзе, город (Северная Осетия) _z1989 _2nlr_sh2 _3RU\NLR\AUTH\6601767664 |
|
| 686 | 1 | _aЩ103(2Р=Рус)7-692Краснодар л62 | |
| 700 | 1 |
_aАполлонов _bИ. А. _cд-р филос. наук _gИван Александрович _3RU\NLR\AUTH\770184702 |
|
| 701 | 1 |
_aВиданова _bЕ. А. _gЕлена Алексеевна |
|
| 701 | 1 |
_aГангур _bД. И. _gДмитрий Иванович |
|
| 702 | 1 |
_aАполлонов _bА. А. _f1947- _gАлександр Алексеевич _4280 |
|
| 702 | 1 |
_aКорнаев _bА. П. _f1952- _gАлан Петрович _4280 |
|
| 702 | 1 |
_aКовтун _bО. М. _f1948- _gОльга Михайловна _4280 |
|
| 702 | 1 |
_aПаршков _bА. А. _f1947- _gАлексей Андреевич _4280 |
|
| 711 | 1 | 2 |
_aВыставка работ Аполлонова А. А., Корнаева А. П., Ковтун О. М., Паршкова А. А. _f1989 _eОрджоникидзе _3RU\NLR\AUTH\880639641 |
| 942 | _cBOOK | ||
| 980 | _aNB | ||